000 00876nam a2200229Ia 4500
001 21634
005 20260416145009.0
008 260320s9999||||xx |||||||||||||| ||und||
020 _a9786123179632
041 _aESP
082 _a305.896085
_bR72
100 _aRocca Torres, Luis,
_eAUT
245 0 _aMalambo :
_bhistoria y artes del primer barrio afroperuano de Lima
250 _aPrimera edición
260 _aLima :
_bPontificia Universidad Católica del Perú. Fondo Editorial,
_c2024
300 _a440 páginas :
_bcuadros ;
_c24 cm.
650 _aCIS
653 _aBarrio de Malambo - Lima (Perú) - Historia; Afroperuanos - Lima (Perú) - Historia; Negros - Lima - Condiciones sociales - Historia
654 _aCHU
856 _uhttps://0u20jwr11-y-https-www-jstor-org.itmsp.museknowledge.com/
_zVéase además: Base de datos JSTOR
942 _cLIB
_dJUS
_fMAT
_2ddc
999 _c21634
_d21634